Every Wrestlemania Main Events - Statistics

General Stats
  • This quiz has been taken 110 times
  • The average score is 80 of 103
Answer Stats
Hint Answer % Correct
1 | 2 | 3 | +5 others Hulk Hogan
98%
13 | 24 | 26 | +2 others Undertaker
86%
22 | 23 | 27 | +2 others John Cena
84%
15 | 16 | 17 | +3 others Rock
84%
31 | 32 | 33 | +6 others Roman Reigns
84%
19 | 31 | 34 | +2 others Brock Lesnar
83%
39 (2) | 40 (1) | 40 (2) Cody Rhodes
83%
31 | 40 (1) Seth Rollins
83%
1 Mr. T
81%
25 | 30 Randy Orton
81%
21 | 30 Batista
79%
14 | 15 | 17 | 38 (1) Stone Cold
79%
16 | 18 | 20 | +4 others Triple H
79%
35 Becky Lynch
78%
24 | 37 (2) Edge
78%
4 | 5 Randy Savage
78%
12 | 14 | 20 | +2 others Shawn Michaels
78%
3 Andre The Giant
76%
35 Charlotte Flair
76%
30 | 37 (2) Daniel Bryan
76%
36 (2) Drew McIntyre
76%
19 Kurt Angle
76%
36 (1) AJ Styles
74%
27 Miz
74%
35 Ronda Rousey
74%
10 | 12 Bret Hart
72%
37 (1) Sasha Banks
72%
16 Big Show
71%
38 (1) | 39 (1) Kevin Owens
71%
9 | 10 Yokozuna
71%
39 (1) Jey Uso
69%
39 (1) Jimmy Uso
69%
39 (1) Sami Zayn
69%
6 Ultimate Warrior
67%
20 Chris Benoit
66%
37 (1) Bianca Belair
64%
18 Chris Jericho
64%
8 | 13 Sid
60%
2 King Kong Bundy
59%
16 Mick Foley
53%
11 Bam Bam Bigelow
52%
7 Slaughter
48%
1 Paul Orndorff
47%
4 Ted Dibiase
47%
11 Taylor
45%
1 Rody Rody Piper
2%
No matching quizzes found
Score Distribution
Percent of People with Each Score
Percentile by Number Answered
Your Score History
You have not taken this quiz